| 000 | 01032nac a22002657a 4500 | ||
|---|---|---|---|
| 001 | BR8703335 | ||
| 003 | BR-BrBNA | ||
| 005 | 20240105120511.0 | ||
| 008 | 230509b bl.|||m| |||| 00| 0 por d | ||
| 040 |
_aBR-BrBNA _bpor _cBiblioteca Nacional de Agricultura |
||
| 072 | _aE11; E14 | ||
| 090 | _aE11 BR8703335 | ||
| 110 | 1 |
_aInstituto Nacional de Colonizacao e Reforma Agraria, Belo Horizonte, MG (Brasil). Coordenadoria Regional de Minas Gerais _96406 |
|
| 245 | 1 | _aRelatorio anual 1974 [Instituto Nacional de Colonizacao e Reforma Agraria. Coordenadoria Regional de Minas Gerais] | |
| 260 | 3 |
_aBelo Horizonte, MG (Brasil): _c[nd]. |
|
| 300 | _a93 p. | ||
| 490 |
_aRelatorio - Instituto Nacional de Colonizacao e Reforma Agraria. Coordenadoria Regional de Minas Gerais (Brazil) _v _x |
||
| 500 | _aPublished 1974? | ||
| 650 | _aREFORMA AGRARIA | ||
| 650 | _aDESENVOLVIMENTO RURAL | ||
| 650 | _aASSISTENCIA TECNICA | ||
| 650 | _aMINAS GERAIS | ||
| 909 |
_a202312 _bLúcia Elande _c55 _dLúcia Elande |
||
| 942 |
_2AGRIS _n0 _cMS |
||
| 999 |
_c279794 _d279794 |
||